Applications of linear algebra (Record no. 34530)

MARC details
000 -LEADER
fixed length control field 00634nam a2200193 a 4500
008 - FIXED-LENGTH DATA ELEMENTS--GENERAL INFORMATION
fixed length control field 120416s1977 ||||||||||||||||| || u
020 ## - INTERNATIONAL STANDARD BOOK NUMBER
International Standard Book Number 0471023981
050 ## - LIBRARY OF CONGRESS CALL NUMBER
Classification number QA 184 Ror
100 ## - MAIN ENTRY--PERSONAL NAME
Personal name Rorres, Chris
245 10 - TITLE STATEMENT
Title Applications of linear algebra
260 ## - PUBLICATION, DISTRIBUTION, ETC.
Place of publication, distribution, etc. New York :
Name of publisher, distributor, etc. John Wiley and Sons
Date of publication, distribution, etc. 1977
300 ## - PHYSICAL DESCRIPTION
Extent ix, 233p. : ill.
350 ## - PRICE (NR) (BK AM CF MU VM SE) [OBSOLETE]
Price 0.00
650 ## - SUBJECT ADDED ENTRY--TOPICAL TERM
Topical term or geographic name entry element TEXTBOOKS--TEXTBOOKS
650 ## - SUBJECT ADDED ENTRY--TOPICAL TERM
Topical term or geographic name entry element Linear programming
650 #0 - SUBJECT ADDED ENTRY--TOPICAL TERM
Topical term or geographic name entry element ALGEBRAS, LINEAR
700 ## - ADDED ENTRY--PERSONAL NAME
Personal name Anton, Howard
995 ## - RECOMMENDATION 995 [LOCAL, UNIMARC FRANCE]
-- 0.00
-- CBU-MAIN LIBRARY (Kitwe)
-- 1
-- 3.75
-- 1
-- DAMAGED
-- Main Library Open Access Collection
Holdings
Withdrawn status Lost status Source of classification or shelving scheme Damaged status Not for loan Home library Current library Shelving location Date acquired Total Checkouts Full call number Barcode Date last seen Price effective from Koha item type
          CBU-MAIN LIBRARY, KITWE. CBU-MAIN LIBRARY, KITWE.   11/30/2022   QA 184 Ror 011635 11/30/2022 11/30/2022 MONOGRAPH